INDIAN MEDICAL GAZETTE (Record no. 1145844)

MARC details
000 -LEADER
fixed length control field 00319nam a2200145Ia 4500
008 - FIXED-LENGTH DATA ELEMENTS--GENERAL INFORMATION
fixed length control field 240112s2019 xx 000 0 und d
022 ## - INTERNATIONAL STANDARD SERIAL NUMBER
International Standard Serial Number 0019-5863
041 ## - LANGUAGE CODE
Language code of text/sound track or separate title eng
082 ## - DEWEY DECIMAL CLASSIFICATION NUMBER
Classification number 612
100 ## - MAIN ENTRY--PERSONAL NAME
Personal name MEHTA A. K.
245 ## - TITLE STATEMENT
Title INDIAN MEDICAL GAZETTE
260 ## - PUBLICATION, DISTRIBUTION, ETC.
Name of publisher, distributor, etc. IMG
Date of publication, distribution, etc. 2019
300 ## - PHYSICAL DESCRIPTION
Extent 34
Dimensions JAN-AUG
440 ## - SERIES STATEMENT/ADDED ENTRY--TITLE
Volume/sequential designation 8
Holdings
Withdrawn status Lost status Damaged status Not for loan Collection Home library Current library Date acquired Source of acquisition Total Checkouts Full call number Barcode Date last seen Price effective from Koha item type
          Medical College & Hospital, Sangli Medical College & Hospital, Sangli 16/01/2024 ANNUAL SUBS.   612 MCS-BV-5064 16/01/2024 16/01/2024 Bound Journals